[Event "4th Shamkir Chess 2017"]
[Site "Shamkir"]
[Date "2017.04.27"]
[Round "6"]
[White "Wojtaszek, Radoslaw"]
[Black "Radjabov, Teimour"]
[Result "1/2-1/2"]
[WhiteElo "2745"]
[BlackElo "2710"]
[Annotator "TA"]
[PlyCount "80"]
[EventDate "2017.??.??"]
[EventType "tourn"]
[EventCountry "AZE"]
[SourceTitle "playchess.com"]
[Source "ChessBase"]
[SourceQuality "1"]

{[%evp 26,80,31,12,47,6,8,10,16,0,0,0,34,14,34,47,46,50,65,46,52,52,76,64,74,64,51,54,55,0,57,39,58,56,53,0,5,4,0,0,42,45,39,7,10,0,0,0,0,0,0,0,0,0,0,0,0]} 1. d4 Nf6 2. c4 e6 3. Nc3 Bb4 4. e3 O-O 5. Bd3 d5 6. Nf3 c5 7. O-O cxd4 8. exd4 dxc4 9. Bxc4 b6 10. Bg5 Bxc3 11. bxc3 Bb7 12. Bd3 Nbd7 13. c4 Qc7 14. Re1 Rac8 {E54: Nimzo-Indian: Rubinstein: Main Line: 7...dxc4 8 Bxc4} ({Relevant:} 14... Rfe8 15. Bh4 Rad8 16. Qe2 Qf4 17. Qe3 Qg4 18. h3 Qh5 19. Bxf6 Nxf6 20. Ne5 Nd7 21. f4 Nxe5 22. fxe5 {1-0 (42) Ponomariov,R (2733)-Kamsky,G (2741) Zug 2013}) 15. Qe2 h6 {[#] Hoping for ...Bxf3.} 16. Bd2 {[%cal Bg5d2,Bd2c3,Bc3b2][%mdl 32]} Rfd8 17. Rac1 Qd6 18. Bc3 Qf4 19. Qe3 {[#]} Qc7 $146 ({Predecessor:} 19... Qxe3 20. fxe3 Ne4 21. Bb4 Rc7 22. c5 {0-1 (67) Lesiege,A (2460)-Rozentalis,E (2595) North Bay 1994}) 20. h3 Ba8 21. Bb2 Qb7 22. Bf1 Qb8 23. a4 Re8 24. Nd2 Bc6 25. Ra1 Nf8 26. Qb3 Qf4 27. Qe3 (27. Re3 $14) 27... Qc7 (27... Qb8 $11) 28. Bd3 (28. Qa3 $5 {is more complex.} Rb8 29. Re3 Ng6 30. g3 a6 31. Rae1) 28... Ng6 29. Bxg6 (29. Qg3 $5 {seems wilder.} Nf4 30. Bf1 Qb8 31. Qh2 Rcd8 32. Bc3) 29... fxg6 30. f3 g5 31. Qe5 Qd7 32. a5 b5 33. Ba3 a6 34. cxb5 Bxb5 {The position is equal.} 35. Ne4 Nxe4 36. fxe4 Qf7 37. Rac1 Red8 38. Bc5 Qf6 39. Qxf6 gxf6 40. Kf2 Kf7 1/2-1/2

[Event "4th Shamkir Chess 2017"]
[Site "Shamkir"]
[Date "2017.04.27"]
[Round "6"]
[White "Topalov, Veselin"]
[Black "Eljanov, Pavel"]
[Result "1-0"]
[WhiteElo "2741"]
[BlackElo "2751"]
[Annotator "TA"]
[PlyCount "119"]
[EventDate "2017.??.??"]
[EventType "tourn"]
[EventCountry "AZE"]
[SourceTitle "playchess.com"]
[Source "ChessBase"]
[SourceQuality "1"]

{[%evp 16,119,26,23,35,18,24,10,16,14,8,0,0,0,0,-2,24,16,19,26,11,0,31,0,0,0,0,-20,-19,-20,5,-25,-36,-37,-43,-81,-86,-102,-42,-77,-77,-91,-89,-93,-93,-78,-80,-141,-141,-125,-119,-114,-138,-142,-135,-138,0,0,0,0,0,-34,0,0,0,0,225,226,233,214,275,143,150,158,233,199,456,202,454,447,458,355,439,305,297,296,333,339,330,338,328,327,291,310,301,295,460,448,479,479,713,694,4682,4682,4132,2301]} 1. d4 Nf6 2. c4 e6 3. Nf3 b6 4. g3 Bb7 5. Bg2 Be7 6. Nc3 Ne4 7. Bd2 Bf6 8. Qc2 Nxd2 9. Qxd2 {LiveBook: 112 Games} (9. Kxd2 Bxd4 10. e3 Bf6 $17) 9... d6 {E17: Queen's Indian: 4 g3 Bb7 5 Bg2 Be7} 10. h4 (10. d5 Bxc3 11. Qxc3 O-O 12. Nd2 Re8 13. e3 c5 14. O-O exd5 15. cxd5 Nd7 16. a4 Ba6 17. Rfd1 {½-½ (74) Topalov,V (2784)-Grischuk,A (2789) Bilbao 2014}) 10... Nd7 11. Rd1 O-O {The position is equal.} 12. Qc2 c6 $146 (12... Re8 13. O-O g6 14. Ne4 Bg7 15. Neg5 d5 16. b3 Rc8 17. e4 h6 18. exd5 exd5 19. Nh3 c5 20. dxc5 {½-½ (20) Romanishin,O (2567)-Naumkin,I (2489) Arco 1999}) 13. e4 Qc7 14. Ng5 e5 15. d5 h6 16. Nf3 a6 17. dxc6 Qxc6 18. Bf1 Rfc8 19. a4 Nc5 {[%cal Rc5e4,Bd7c5,Bc5e6,Be6d4][%mdl 32]} 20. Nd2 Ne6 21. Qb1 Nd4 22. Bh3 Rf8 23. Rc1 Bd8 $36 {[%mdl 2048] Black fights for an advantage.} 24. O-O f5 25. Kh2 {[%cal Re4f5]} f4 26. Qd3 Kh8 (26... Bc8 $17 27. Bxc8 Rxc8) 27. b3 Bc8 28. Bxc8 Qxc8 (28... Rxc8 $6 29. Nd5 $11) 29. Ne2 Nxe2 30. Qxe2 Ra7 31. Rc3 ({Better is} 31. Qd3) 31... b5 $17 32. Rd3 bxa4 33. bxa4 Raf7 34. Rxd6 {[#]} Bxh4 $1 35. Rd5 (35. gxh4 $2 f3 36. Nxf3 (36. Qe3 $2 Rf4 37. Nxf3 Rxf3 38. Rxh6+ Kg8 $19) 36... Rxf3 $19) 35... f3 (35... Qe6 $17 36. c5 (36. gxh4 $2 f3 37. Qe3 Qg4 38. Nxf3 Rxf3 $19) 36... Be7) 36. Qd3 $1 $11 Qg4 37. Rh1 Bg5 38. c5 Rb8 {Threatens to win with ...Rb2.} 39. Nc4 Rfb7 {Strongly threatening ...Qh5+.} 40. Nb6 Rxb6 $2 (40... Rf7 $11) 41. cxb6 $18 Rxb6 {aiming for ...Rb2.} 42. Rxe5 {Hoping for Re8+.} Bh4 43. Qc3 ({Don't go for} 43. Re8+ $2 Kh7 44. Qc2 (44. e5+ $2 Rg6 45. Kg1 Bxg3 46. Rxh6+ gxh6 $19) 44... Bxg3+ 45. fxg3 Qh5+ 46. Kg1 Qxe8 47. e5+ Kg8 $19) (43. Qc2 $18) 43... Rg6 $16 {[%cal Rh4g3] [#] ( -> ...Bxg3+!)} 44. Qe1 $1 ({Wrong is} 44. Re8+ $2 Kh7 45. Qc7 Bxg3+ 46. fxg3 Qh5+ 47. Kg1 f2+ 48. Kxf2 Qxh1 $19) 44... Bg5 (44... Rc6 $16 {is a better defense.} 45. Qb1 (45. Re8+ $2 Kh7 46. Qd1 Rb6 $19) 45... Rg6) 45. Rf5 Rd6 $2 (45... Rc6 {was called for.}) 46. Rf8+ $18 Kh7 47. e5 {[%cal Be4e5,Be5e6][%mdl 32]} Rd3 48. e6 Be7 49. Rf4 Qh5+ 50. Kg1 Qd5 51. Qe4+ Qxe4 52. Rxe4 {[%mdl 4096] Endgame KRR-KRB} Kg6 53. Kh2 Rd2 54. Rf1 Kf5 55. Re3 Kg4 (55... a5 $142 56. Rxf3+ Kxe6 57. Re1+ Kd6) 56. Kg1 {White is clearly winning.} g5 57. Rc1 Ra2 (57... Rd8 $142 58. Rc7 Re8 59. Rc4+ Kf5 60. Rxf3+ Ke5 61. Re3+ Kd5) 58. Kf1 Rxa4 59. Rc7 Bb4 60. Rc4+ 1-0

[Event "4th Shamkir Chess 2017"]
[Site "Shamkir"]
[Date "2017.04.28"]
[Round "7"]
[White "Karjakin, Sergey"]
[Black "Kramnik, Vladimir"]
[Result "1/2-1/2"]
[WhiteElo "2783"]
[BlackElo "2811"]
[Annotator "TA"]
[PlyCount "96"]
[EventDate "2017.??.??"]
[EventType "tourn"]
[EventCountry "AZE"]
[SourceTitle "playchess.com"]
[Source "ChessBase"]
[SourceQuality "1"]

{[%evp 16,96,8,5,12,12,19,19,14,20,21,0,0,0,0,0,0,0,0,0,0,-8,-6,0,7,10,16,5,15,0,0,6,20,0,0,0,0,0,0,-20,-19,-14,0,0,8,-10,-1,-2,-4,-2,0,-2,-2,-2,-1,-7,0,-16,-8,-14,-8,-11,-6,-13,-12,-11,-11,-11,-10,-12,0,0,0,0,0,-8,0,0,0,-8,-8,-14,-14]} 1. e4 e5 2. Nf3 Nc6 3. Bc4 Bc5 4. O-O Nf6 5. d3 O-O 6. a4 {C50: Hungarian Defence and Giuoco Pianissimo} (6. h3 d5 7. exd5 Nxd5 8. Re1 Be6 9. c3 Bb6 10. Bb3 f6 11. d4 Bf7 12. dxe5 Nxe5 13. Bxd5 Bxd5 14. Nxe5 fxe5 15. Be3 Bc6 {1-0 (58) Karjakin,S (2785)-Aronian,L (2780) Wijk aan Zee 2017}) 6... h6 7. c3 a5 8. h3 d6 9. Re1 {LiveBook: 7 Games. The position is equal.} Ba7 10. Nbd2 {[%cal Bb1d2,Bd2f1,Bf1g3][%mdl 32]} Ne7 11. Nf1 Ng6 12. Ng3 c6 $146 (12... Nh7 13. d4 Qf6 {1-0 (45) Hadzimanolis,A (2225)-Kesidis,O (2247) Thessaloniki 2016}) 13. d4 exd4 14. Nxd4 Re8 15. Bd2 d5 16. exd5 Rxe1+ 17. Bxe1 Nxd5 18. Nb5 Bb6 19. Bxd5 Qxd5 20. Qxd5 cxd5 21. Ne2 Bd7 22. Nbd4 Re8 23. Kf1 Ne5 24. Bd2 Nc4 25. Bc1 g5 26. b3 Nd6 27. Ba3 Ne4 28. Rd1 f5 29. f3 Nf6 30. Ng3 Bxd4 31. Rxd4 f4 32. Ne2 b5 33. axb5 Bxb5 34. c4 Ba6 {With the idea ...Re3.} 35. Nc3 a4 36. Kf2 axb3 37. cxd5 Rc8 38. Bb2 Nd7 {...Nc5 is the strong threat.} 39. d6 Rc6 40. g3 fxg3+ 41. Kxg3 Kf7 42. f4 Kg6 43. fxg5 hxg5 ({Reject} 43... Kxg5 $6 44. Rg4+ Kf5 45. Nd5 $16) 44. h4 gxh4+ 45. Kxh4 Rc4 46. Rxc4 Bxc4 47. Ne4 Kf5 48. Nd2 Bd5 1/2-1/2

[Event "4th Shamkir Chess 2017"]
[Site "Shamkir"]
[Date "2017.04.28"]
[Round "7"]
[White "Mamedyarov, Shakhriyar"]
[Black "Adams, Michael"]
[Result "1/2-1/2"]
[WhiteElo "2772"]
[BlackElo "2761"]
[Annotator "TA"]
[PlyCount "71"]
[EventDate "2017.??.??"]
[EventType "tourn"]
[EventCountry "AZE"]
[SourceTitle "playchess.com"]
[Source "ChessBase"]
[SourceQuality "1"]

{[%evp 21,71,18,35,39,48,48,35,14,14,14,18,14,18,13,22,23,21,16,37,32,27,20,56,12,12,12,12,13,13,13,13,13,14,14,14,12,12,12,12,12,12,12,12,12,12,0,12,0,12,0,12,0]} 1. d4 Nf6 2. c4 e6 3. Nf3 d5 4. Nc3 Be7 5. Bf4 O-O 6. e3 c5 7. dxc5 Bxc5 8. cxd5 Nxd5 9. Nxd5 exd5 10. a3 Nc6 11. Bd3 Bd6 12. Qa4 {D37: Queen's Gambit Declined: 5 Bf4} Bxf4 (12... Qf6 13. Bxd6 Qxd6 14. O-O Qf6 15. Nd4 Nxd4 16. Qxd4 Qxd4 17. exd4 Be6 18. Rac1 Rac8 19. f4 Rxc1 20. Rxc1 {½-½ (31) Kempinski,R (2615)-Heberla,B (2541) Poland 2016}) 13. Qxf4 d4 14. O-O {[%cal Rf3d4] White is slightly better.} dxe3 15. Rad1 {[#] aiming for Bxh7+!} ({Much worse is} 15. Qxe3 Re8 16. Be4 Bf5 $15) 15... Qf6 16. fxe3 Qxf4 17. exf4 Re8 $146 (17... Bg4 18. Bc4 Bxf3 19. Rxf3 Rfd8 {½-½ (49) Williams,S (2466)-Lanzani,M (2356) Warsaw 2005}) 18. Bb5 Be6 19. Ne5 Rac8 20. Rfe1 Kf8 21. b4 Re7 22. Nxc6 bxc6 {The position is equal.} 23. Ba6 Rce8 24. Kf2 Bd5 25. Rxe7 Kxe7 $11 {[%mdl 4096] Endgame KRB-KRB} 26. Re1+ Kd7 27. Rxe8 Kxe8 {KB-KB} 28. g3 Kd7 29. Ke3 Kd6 30. Kd4 f6 31. Bd3 h6 32. Bc4 {[#] And now Bxd5 would win.} Bf3 33. Bd3 Bd5 34. Bc4 {Threatens to win with Bxd5.} Bf3 35. Bd3 Bd5 36. Bc4 1/2-1/2

[Event "4th Shamkir Chess 2017"]
[Site "Shamkir"]
[Date "2017.04.28"]
[Round "7"]
[White "Harikrishna, Pentala"]
[Black "Wojtaszek, Radoslaw"]
[Result "1/2-1/2"]
[WhiteElo "2755"]
[BlackElo "2745"]
[Annotator "TA"]
[PlyCount "111"]
[EventDate "2017.??.??"]
[EventType "tourn"]
[EventCountry "AZE"]
[SourceTitle "playchess.com"]
[Source "ChessBase"]
[SourceQuality "1"]

{[%evp 12,111,16,8,10,8,21,16,24,12,27,31,27,37,44,41,50,40,58,62,57,62,49,31,31,37,40,29,33,33,31,34,30,29,26,31,45,45,54,47,63,51,50,43,46,39,30,27,37,29,48,2,2,2,5,6,2,2,2,8,8,2,1,0,9,6,6,15,32,21,29,1,8,0,0,0,0,0,0,0,0,0,0,0,0,0,0,-6,0,0,0,0,0,0,0,0,0,0,0,0,0,0]} 1. d4 Nf6 2. c4 e6 3. Nc3 Bb4 4. e3 O-O 5. Bd3 c5 6. Nf3 d5 7. cxd5 exd5 {E53: Nimzo-Indian: Rubinstein: Main Line (4...0-0 5 Nf3 d5 6 Bd3 c5 7 0-0)} (7... Nxd5 8. O-O cxd4 9. exd4 Nc6 10. Bc2 Nf6 11. Re1 h6 12. Qd3 Bd6 13. Ne4 Nxe4 14. Qxe4 f5 15. Qe2 {1-0 (23) Ivanchuk,V (2747)-Anand,V (2779) Doha 2016}) 8. dxc5 Nbd7 9. O-O Nxc5 10. Ne2 Bg4 11. Nfd4 $146 (11. Ned4 Rc8 12. Be2 Nce4 13. h3 Bh5 14. Qb3 Qb6 15. a3 {1-0 (42) Ju,W (2559)-Tan,Z (2509) Yangzhou 2016}) 11... Nxd3 12. Qxd3 Bxe2 13. Nxe2 Bd6 14. Bd2 Be5 15. Bc3 Qd6 16. Bxe5 Qxe5 17. Qd4 (17. Qc3 $5 {seems wilder.} Qe6 18. Qb3 b6 19. Rad1 Rfd8 20. Rd4) 17... Qxd4 18. Nxd4 Rfc8 19. Rac1 Kf8 20. f3 h5 21. Rfd1 a6 22. Kf2 g6 23. Ne2 Ke7 24. Nc3 b5 25. Rd4 ({Of course not} 25. Nxd5+ Nxd5 26. Rxc8 Rxc8 $15) 25... Rc5 26. Rcd1 {[%cal Rc3d5]} Rac8 27. Ke1 Ke6 28. a4 bxa4 29. Rxa4 a5 30. Ne2 Ke7 31. Nd4 Nd7 $1 32. Rda1 Ne5 $1 33. Rxa5 {White wants to play Ke2.} Nd3+ 34. Ke2 Nxb2 35. Ra7+ R8c7 36. R1a5 Rxa7 37. Rxc5 $11 {[%mdl 4096] Endgame KRN-KRN} Rd7 38. f4 Na4 39. Ra5 Nb6 40. Nc6+ Kd6 41. Ne5 Rc7 {The position is equal.} 42. Ra6 Kc5 43. Kd3 Nc4 $1 44. Ra8 Kd6 45. Rd8+ Ke6 46. Nf3 Nb2+ 47. Kd2 Nc4+ 48. Ke2 Re7 49. Nd4+ Kf6 50. Nc2 Rb7 51. Kd3 ({Don't capture} 51. Rxd5 $2 Rb2 52. e4 Rxc2+ $19) 51... Rb3+ 52. Kd4 Rb2 53. Kc3 Rxc2+ 54. Kxc2 {[#] aiming for Kd3.} Nxe3+ 55. Kd2 Nxg2 56. Rxd5 1/2-1/2

[Event "4th Shamkir Chess 2017"]
[Site "Shamkir"]
[Date "2017.04.28"]
[Round "7"]
[White "Eljanov, Pavel"]
[Black "So, Wesley"]
[Result "1/2-1/2"]
[WhiteElo "2751"]
[BlackElo "2822"]
[Annotator "TA"]
[PlyCount "82"]
[EventDate "2017.??.??"]
[EventType "tourn"]
[EventCountry "AZE"]
[SourceTitle "playchess.com"]
[Source "ChessBase"]
[SourceQuality "1"]

{[%evp 7,82,17,17,1,18,15,15,11,17,0,0,0,0,0,26,14,15,14,18,10,8,12,22,20,21,29,38,6,5,5,0,0,0,0,0,0,0,0,0,0,0,0,0,0,0,4,43,42,59,50,33,32,72,73,108,59,78,0,0,0,0,0,0,0,0,-16,0,0,0,0,0,0,0,0,0,0,0]} 1. Nf3 d5 2. g3 Bg4 3. Bg2 c6 4. O-O Nd7 5. h3 {A07: Réti Opening: New York and Capablanca Systems} Bh5 6. d4 e6 7. c4 Be7 8. Nc3 $146 (8. cxd5 exd5 9. Nc3 Ngf6 10. Nh4 O-O 11. f4 Ne4 12. Nf5 Nxc3 13. bxc3 {1-0 (34) Vachier Lagrave,M (2785)-Gunina,V (2496) Gibraltar 2016}) 8... dxc4 9. b3 cxb3 10. Qxb3 Ngf6 11. Qxb7 O-O 12. Bf4 Qa5 13. g4 Bg6 $1 14. g5 Nh5 $1 {[%cal Rh5f4]} 15. Bd2 (15. Bh2 $5 {is more complex.} Rad8 16. Rac1 Qb6 17. Qxb6 axb6 18. Nh4) 15... Rfd8 16. Qxc6 Rac8 17. Qb5 Qxb5 $1 18. Nxb5 a6 19. Na7 Rc7 20. Ba5 Rxa7 21. Bxd8 Bxd8 22. Rfc1 {[#] Threatens to win with Rc8.} Kf8 ({Wrong is} 22... Nf4 $2 23. Rc8 $18) 23. e3 Be4 24. Rc8 $36 {[%mdl 2048] White is more active.} Ke7 25. Nd2 Bxg2 26. Kxg2 f6 27. h4 g6 28. Ne4 f5 29. Nc5 Nxc5 30. dxc5 Rc7 {[#]} 31. Ra8 $1 {Rd1 is the strong threat.} ({Don't play} 31. Rxc7+ $6 Bxc7 32. Rd1 e5 $11) 31... Rxc5 32. Rd1 ({White should try} 32. Rxa6 $16 f4 33. a4) 32... Bc7 $11 {The position is equal.} 33. Rh8 Be5 34. Rhd8 {[%csl Gd8][%cal Rd1d7]} ({But not} 34. Rxh7+ Bg7 35. a4 Rc4 $17) 34... Rc7 35. Ra8 f4 36. e4 Rc3 37. f3 Ng3 38. Rxa6 Rc2+ 39. Kh3 Rc3 40. Kg2 Rc2+ 41. Kh3 Rc3 1/2-1/2

[Event "4th Shamkir Chess 2017"]
[Site "Shamkir"]
[Date "2017.04.28"]
[Round "7"]
[White "Radjabov, Teimour"]
[Black "Topalov, Veselin"]
[Result "1/2-1/2"]
[WhiteElo "2710"]
[BlackElo "2741"]
[Annotator "TA"]
[PlyCount "56"]
[EventDate "2017.??.??"]
[EventType "tourn"]
[EventCountry "AZE"]
[SourceTitle "playchess.com"]
[Source "ChessBase"]
[SourceQuality "1"]

{[%evp 27,56,0,0,0,0,0,0,0,0,0,0,0,0,0,0,0,0,0,0,0,0,0,0,0,0,-6,0,0,0,-6,0]} 1. e4 c5 2. Nf3 d6 3. d4 cxd4 4. Nxd4 Nf6 5. Nc3 a6 6. Bc4 e6 7. Bb3 b5 8. Bg5 Be7 9. Qf3 Qc7 10. e5 {B87: Sicilian Scheveningen/Najdorf: 6 Bc4, with early ...b5} Bb7 11. exd6 Bxd6 12. Qe3 Bc5 13. O-O-O Nc6 {[%cal Bb8c6,Bc6e5,Be5f3][%mdl 32]} 14. Bxf6 (14. Qxe6+ fxe6 15. Nxe6 Bd6 16. Rhe1 Kd7 17. Nxc7 Kxc7 18. Bxf6 gxf6 {½-½ (25) Karjakin,S (2725)-Gashimov,V (2740) Nice 2010}) 14... gxf6 {LiveBook: 13 Games. The position is equal.} 15. Nd5 Qe5 16. Qxe5 Nxe5 17. Nc7+ Ke7 18. Nxa8 {[#] Black must now prevent Nc7.} Bxg2 19. Rhe1 $146 {Threatens to win with Nc7.} Bxd4 20. Rxd4 {Nb6 is the strong threat.} Nf3 ({Of course not} 20... Rxa8 21. Re3 $14) 21. Rxe6+ $1 fxe6 22. Rg4 Rxa8 23. Rxg2 $11 {[%mdl 4096] Endgame KRB-KRN} Kf7 24. Rg3 Nd4 {[#] And now ...Ne2+ would win.} 25. Rh3 Kg6 26. Rg3+ Kf7 {Hoping for ...Ne2+.} 27. Rh3 Kg6 28. Rg3+ Kf7 1/2-1/2

[Event "4th Shamkir Chess 2017"]
[Site "Shamkir"]
[Date "2017.04.29"]
[Round "8"]
[White "So, Wesley"]
[Black "Radjabov, Teimour"]
[Result "1/2-1/2"]
[WhiteElo "2822"]
[BlackElo "2710"]
[Annotator "TA"]
[PlyCount "118"]
[EventDate "2017.??.??"]
[EventType "tourn"]
[EventCountry "AZE"]
[SourceTitle "playchess.com"]
[Source "ChessBase"]
[SourceQuality "1"]

{[%evp 19,118,14,20,30,14,0,12,0,13,0,35,0,0,0,6,0,0,0,0,1,0,16,0,0,74,66,70,33,30,24,32,23,23,22,23,23,23,23,20,20,24,18,29,29,29,33,59,36,46,46,69,52,45,45,41,41,83,73,77,31,48,48,48,48,48,48,66,48,48,41,54,54,54,54,54,54,56,48,48,48,48,48,48,48,48,48,48,48,48,48,48,8,57,8,8,8,8,8,8,8,8]} 1. c4 c5 2. Nf3 Nc6 3. e3 e6 4. d4 d5 5. cxd5 exd5 6. Bb5 cxd4 7. Nxd4 Bd7 8. O-O Nf6 9. b3 Bd6 10. Bb2 O-O {LiveBook: 16 Games} 11. Nd2 {A13: English Opening: 1...e6} (11. Be2 Qe7 12. Nd2 Ba3 13. Bxa3 Qxa3 14. N2f3 Rac8 15. Qc1 Qxc1 16. Rfxc1 Nxd4 17. Nxd4 a6 18. f3 Rxc1+ 19. Rxc1 {1-0 (50) Karpov,A (2628)-Sveshnikov,E (2508) Riga 2015}) 11... Re8 12. Rc1 {[%cal Rd4c6]} Rc8 13. N2f3 $146 (13. Be2 Qe7 14. N2f3 a6 15. Nxc6 bxc6 16. Qd4 c5 17. Qh4 Ne4 18. Qxe7 Bxe7 {½-½ (49) Kahl,F (2272)-Pepermans,T (2370) LSS email 2014}) 13... Qe7 14. Qe2 Bb8 (14... Ne4 $5 {with more complications.} 15. Rfd1 Bb8 16. h3 Qd6 17. Bd3 Qg6) 15. Rfd1 Qd6 16. Nxc6 bxc6 17. Ba6 Rcd8 18. Bd3 Ne4 19. Bxe4 Rxe4 20. Qc2 Rde8 21. g3 Bg4 (21... Qg6 $11) 22. Ng5 $16 Bxd1 23. Nxe4 (23. Qxd1 R4e7 $15) (23. Rxd1 $5 {feels hotter.} f5 24. Nxe4 fxe4 25. b4 Qd7 26. Rc1) 23... Bxc2 24. Nxd6 Bxd6 25. Rxc2 $14 {[%mdl 4096] Endgame KRB-KRB} Rc8 $1 26. Kf1 f5 27. f3 Kf7 28. e4 fxe4 29. fxe4 dxe4 30. Rc4 c5 31. Rxe4 Rc6 32. Ra4 a6 33. Ke2 g5 34. Bc1 h6 35. Re4 Be7 36. Be3 Re6 37. Rc4 g4 38. Kd2 Rd6+ 39. Kc1 h5 40. Rxc5 Re6 41. Rc3 Bb4 42. Rd3 Rd6 43. Kc2 Ke6 44. Bd4 Kd5 {[#] Threatens to win with ...Ke4.} 45. Ba7+ Kc6 46. Rxd6+ Kxd6 {KB-KB} 47. Kd3 Kd5 48. a4 Be7 49. Bf2 Bb4 50. Bb6 Be7 51. Kc3 h4 52. gxh4 Bxh4 53. Bc7 Be1+ 54. Kd3 {Bg3 is the strong threat.} Bf2 55. b4 Bd4 56. Ke2 Kc4 {The position is equal.} 57. Bd6 Bg1 ({Reject} 57... Bc3 $6 58. Ke3 $16) 58. a5 Bxh2 59. Bxh2 {[#] aiming for Bd6.} Kxb4 1/2-1/2

[Event "4th Shamkir Chess 2017"]
[Site "Shamkir"]
[Date "2017.04.29"]
[Round "8"]
[White "Kramnik, Vladimir"]
[Black "Adams, Michael"]
[Result "1-0"]
[WhiteElo "2811"]
[BlackElo "2761"]
[Annotator "TA"]
[PlyCount "81"]
[EventDate "2017.??.??"]
[EventType "tourn"]
[EventCountry "AZE"]
[SourceTitle "playchess.com"]
[Source "ChessBase"]
[SourceQuality "1"]

{[%evp 19,81,25,32,25,25,23,25,29,43,14,10,8,16,10,0,0,29,27,26,20,35,26,31,24,37,36,49,29,43,26,49,31,8,13,66,69,62,50,121,127,150,105,135,125,187,75,168,182,718,274,279,260,716,691,658,613,3443,3095,29987,29988,29988,29989,29993,29994]} 1. e4 e5 2. Nf3 Nc6 3. Bc4 Bc5 4. O-O Nf6 5. d3 d6 6. c3 h6 7. Re1 O-O {C54: Giuoco Piano: 4 c3 Nf6, main lines with 5 d4 and 5 d3} 8. Nbd2 ({Relevant:} 8. h3 Re8 9. Nbd2 a6 10. Nf1 b5 11. Bb3 Bb6 12. Ng3 Be6 13. Bc2 d5 14. exd5 Bxd5 15. Be3 Qd7 16. a3 {½-½ (24) Aronian,L (2785)-Adams,M (2751) Sharjah 2017}) 8... a6 9. Nf1 Re8 10. a4 Ba7 {LiveBook: 4 Games} 11. b4 Be6 12. Bxe6 Rxe6 $146 ({Predecessor:} 12... fxe6 13. Be3 Qd7 14. Qc2 Bxe3 15. Nxe3 Nh5 {1-0 (27) Galinsky,T (2427)-Mihajlov,S (2197) Fagernes 2014}) 13. Be3 Qd7 14. b5 Ne7 15. bxa6 bxa6 16. Bxa7 Rxa7 17. Qb3 c6 18. Rab1 Ng6 19. g3 a5 20. Ne3 Re8 21. Nc4 Kh7 22. Qc2 Qe6 23. Ne3 d5 24. Kg2 Kg8 25. h4 Rd7 26. c4 Red8 (26... dxe4 $11 27. dxe4 Nf4+ 28. gxf4 exf4) 27. cxd5 $14 cxd5 28. Rb5 Ne7 ({Black should play} 28... dxe4 $14 29. dxe4 Qa6) 29. Rc5 $16 (29. Rxa5 $6 dxe4 30. dxe4 Nc6 $11) 29... Rd6 30. Rc1 (30. Rxa5 $6 dxe4 31. dxe4 Nc6 $14) 30... Ra6 31. Qb2 Ng6 {[#]} (31... dxe4 $16 32. dxe4 Ng6) 32. Qb7 (32. exd5 $1 $18 {is the precise move to win.} Nxd5 33. Nxd5 Rxd5 34. Rc8+ Kh7 35. Qe2) 32... Ne7 {[#]} (32... Rad6 $16 {was worth a try.}) 33. Nf5 $1 $18 {[%mdl 512]} (33. Nxe5 Rb6 34. Qc7 Rbd6) 33... Rd7 $2 (33... Re8 34. Nxe7+ Rxe7 35. exd5 Rxb7 36. dxe6 fxe6 37. Nxe5 (37. Rxe5 Rb2 $16) 37... Kh7) (33... Nxf5 34. exf5) 34. Rc7 $2 (34. Rc8+ Kh7 35. Qb8 (35. R8c7 Rb6 36. Qa7 Ra6 $11)) 34... Rb6 35. Qa7 ({Much less strong is} 35. Nxe7+ $6 Rxe7 36. Rxe7 Rxb7 37. Rxe6 (37. Rxb7 dxe4 38. dxe4 Nxe4 $11) 37... fxe6 $16) 35... Ra6 $2 (35... dxe4 36. dxe4 Rb3) 36. Qb8+ (36. Nxe7+ Rxe7 37. Rxe7 Rxa7 38. Rxe6 (38. Rxa7 dxe4 39. dxe4 Nxe4 $11) 38... fxe6 39. exd5 (39. Nxe5 dxe4 40. Rc8+ Kh7 $16) 39... Nxd5 $16) 36... Kh7 37. Rc8 {Threatening mate with Rh8+.} ({Less strong is} 37. Nxe7 dxe4 38. dxe4 Rxe7 39. Rxe7 Qxe7 $18) 37... Ng6 38. Rh1 Nh5 {[#]} 39. Ng5+ $1 {[%mdl 512] White mates.} hxg5 40. hxg5 {[%cal Rh1h5]} Ngf4+ 41. gxf4 1-0